000 00431nam a2200169 a 4500
001 0000-8998
003 ELIB.Books
008 110520 1977
035 _a(ELIB.Books)0000-9147
082 _aFic
_bCam
100 _aCampbell, Julie
245 _aTrixie Belden And The Secret Of The Mansion
260 _bRacine: Golden Press
_c1977
650 _aFiction
942 _2ddc
_cBK
998 _cbat
_e2011-05-20
999 _c8998
_d8998